ბათუმის შოთა რუსთაველის სახელმწიფო უნივერსიტეტის ბიბლიოთეკა

მეხსიერების ბიოქიმიური მექანიზმების შესახებ / (ბიბ.ჩანაწერი № 62621)

000 -ლიდერი
ფიქსირებული სიგრძის საკონტროლო ველი 01058nam a22001817a 4500
003 - საკონტროლო ნომრის იდენტიფიკატორი
საკონტროლო ველი Ge_BSU
005 - ბოლო ოპერაციის თარიღი და დრო
საკონტროლო ველი 20241219145121.0
008 - ფიქსირებული სიგრძის მონაცემთა ელემენტები - ზოგადი ინფორმაცია
ფიქსირებული სიგრძის საკონტროლო ველი 241219s1966 ge ||||| |||| 00| 0 geo d
041 ## - ენის კოდი
Language code of text/sound track or separate title geo
080 ## - უნივერსალური ათობითი კლასიფიკაციის ინდექსი
Universal Decimal Classification number 612.821.2 : 159.953 ქ-63
100 ## - მთავარი ჩანაწერი - პიროვნების სახელი
Personal name ქომეთიანი, პეტრე
9 (RLIN) 24010
245 ## - ცნობა სათაურის შესახებ
Title მეხსიერების ბიოქიმიური მექანიზმების შესახებ /
Statement of responsibility, etc პეტრე ქომეთიანი, ნუგზარ ალექსიძე ; საქ. სსრ მეცნ. აკად., ფიზიოლოგიის ინ-ტი.
264 ## - წარმოების, გამოცემის, დისტრიბუციის და სხვა ცნობები
გამოცემის, წარმოების, დისტრიბუციის... ადგილი თბილისი :
გამოცემის, წარმოების, დისტრიბუციის... სახელწოდება მეცნიერება,
გამოცემის, წარმოების, დისტრიბუციის... თარიღი 1966.
300 ## - ფიზიკური აღწერა
Extent 79 გვ. :
Other physical details ილ. ;
Dimensions 21 სმ.
700 ## - ADDED ENTRY--PERSONAL NAME
Personal name ალექსიძე, ნუგზარ
Relator term ავტორი
9 (RLIN) 2610
710 ## - ADDED ENTRY--CORPORATE NAME
Corporate name or jurisdiction name as entry element საქართველოს სსრ მეცნიერებათა აკადემია.
Subordinate unit ფიზიოლოგიის ინსტიტუტი
9 (RLIN) 24011
942 ## - ADDED ENTRY ELEMENTS (KOHA)
Source of classification or shelving scheme
Koha item type წიგნი
ეგზემპლარები
ჩამოწერის სტატუსი დაკარგული ეგზემპლარის სტატუსი კლასიფიკაციის წყარო ან თაროზე გაწყობის სქემა დაზიანების სტატუსი არ გაიცემა მუდმივი მდებარეობა (დაცვის ადგილი) ამჟამინდელი ადგილსამყოფელი თაროზე განთავსების ადგილი შეძენის თარიღი ღირებულება, შესყიდვის ნორმალური ფასი სრული შენახვის შიფრი შტრიხკოდი ბოლო ოპერაციის თარიღი ეგზემპლარის მიმდევრობითი ნომერი (კეტერი?) ფასის ძალაში შესვლის თარიღი ეგზემპლარის სახეობა საჯარო შენიშვნა
          ბათუმის შოთა რუსთაველის სახელმწიფო უნივერსიტეტის მთავარი ბიბლიოთეკა ბათუმის შოთა რუსთაველის სახელმწიფო უნივერსიტეტის მთავარი ბიბლიოთეკა წიგნსაცავი 2024-12-19 0.00 612.821.2 : 159.953 ქ-63 70065 2024-12-19 70065 2024-12-19 წიგნი 0.74 თ.
          ბათუმის შოთა რუსთაველის სახელმწიფო უნივერსიტეტის მთავარი ბიბლიოთეკა ბათუმის შოთა რუსთაველის სახელმწიფო უნივერსიტეტის მთავარი ბიბლიოთეკა წიგნსაცავი 2024-12-19 0.00 612.821.2 : 159.953 ქ-63 70064 2024-12-19 70064 2024-12-19 წიგნი 0.74 თ.